000 00721nam a2200241 a 4500
001 BRCA_2579
005 20190320203856.0
008 271108c1934----mx-#---###---#000-0#sp--#
050 4 _aNE2314
_b.T68 1934
100 1 _aToussaint, Manuel
_96793
245 1 0 _aLa litografía en México en el siglo XIX
_cManuel Toussaint.
250 _a4
260 _aMéxico
_bEstudios Neolitho
_c1934
300 _axxvii, 68 p.
_bil.
_c33 cm.
500 _aIncluye 68 reproducciones en facsímil
500 _aIncluye índice de láminas
500 _aA62
650 1 4 _aLitografías mexicanas
_97370
650 1 4 _aLitografía
_eHistoria
_97371
710 2 _aBiblioteca Nacional de México
_97372
902 _aGFM
942 _2lcc
_cB
999 _c2319
_d2319